Т. 2; Задачи по квантовой механике

Λεπτομέρειες βιβλιογραφικής εγγραφής
Parent link:Задачи по квантовой механике: пер. с англ./ З. Флюгге. Т. 2.— , 2000
Γλώσσα:Ρωσικά
Έκδοση: 2000
Θέματα:
Μορφή: Βιβλίο
KOHA link:https://koha.lib.tpu.ru/cgi-bin/koha/opac-detail.pl?biblionumber=25213

MARC

LEADER 00000nam0a2200000 4500
001 25213
005 20231030200833.0
010 |a 5114801562 
035 |a (RuTPU)RU\TPU\book\25449 
035 |a BOOK00025524 
090 |a 25213 
100 |a 20011209d2000 m y0rusy50 ca 
101 1 |a rus  |c eng 
102 |a RU 
105 |a y j 001zy 
200 0 |a Т. 2 
210 |d 2000 
215 |a 315 с. 
320 |a Предм. указ. к 1-2 томам: с. 308-315. 
461 |t Задачи по квантовой механике  |o пер. с англ.  |f З. Флюгге  |v Т. 2  |d 2000 
610 1 |a физика 
610 1 |a квантовая механика 
610 1 |a задачи 
610 1 |a решения 
610 1 |a учебные пособия 
675 |a 530.1(076)  |v 3 
801 0 |a RU  |b 63413507  |c 20011209  |g PSBO 
801 2 |a RU  |b 63413507  |c 20090119  |g PSBO 
942 |c BK